| 000 | 00613nam a2200193 a 4500 | ||
|---|---|---|---|
| 001 | 5344 | ||
| 003 | CO-ViMGA | ||
| 008 | 141112s2004 ck r 000 u spa d | ||
| 040 |
_aCO-ViMGA _bspa _cCO-ViMGA |
||
| 082 | 0 | 4 | _a510 C152 |
| 100 | 1 |
_aCalderon, Dora Ines _93663 |
|
| 245 | 1 | 0 |
_aLa argumentación en matemáticas en el aula : _buna oportunidad para la diversidad / _cCalderon Dora , León Olga Lucia |
| 260 |
_aBogotá : _bUniversidad Nacional, _c1996 |
||
| 300 | _a59 p | ||
| 490 | _aTemas de educación, 2 | ||
| 650 | 1 | 4 |
_aLeón, Olga Lucia _93664 |
| 650 | 1 | 4 | _aMATEMATICAS - ENSEÑANZA |
| 942 |
_2ddc _cBK |
||
| 999 |
_c17339 _d17339 |
||